000 00466nam a22001817a 4500
005 20240704111259.0
008 240704b |||||||| |||| 00| 0 eng d
020 _a9780409805970
082 _a330
_bSTA-E
100 _aStager, David
245 _aEconomic Analysis &
_bCanadian Policy/
_cDavid Stager
250 _a6th ed.
260 _aCanada
_bButterworths Company/
_c1988.
300 _a248 p,:
_c23.5 cm.
650 _aEconomics
999 _c36037
_d36037